| 000 | 01907nam a2200301 a 4500 | ||
|---|---|---|---|
| 001 | 000026783 | ||
| 003 | DO-SdBNP | ||
| 005 | 20250219074027.0 | ||
| 007 | ta | ||
| 008 | 101006e2011 dr ahb gr 000 0dspa d | ||
| 020 | _a9789945473728 | ||
| 040 |
_aDO-SdBNP _bspa _cBNPHU |
||
| 082 | 4 |
_bC352h _222 |
|
| 100 | 1 |
_aCastillo, Peregrín _953894 |
|
| 245 | 1 | 0 |
_aHaití y los intereses nacionales. / _cPeregrín Castillo; edición, Isael Pérez |
| 260 |
_aSanto Domingo : _bSantuario, _c2011 |
||
| 300 |
_a100 p. : _bil., facs., mapas ; _c23 cm. |
||
| 500 | _aIncluye datos biográficos del autor en la solapa de la cubierta. | ||
| 505 |
_tHacia una frontera benigna dominico-haitiano.-- _gIntroducción. _tGeopolítica de la isla de Santo Domingo.-- _tMigración haitiana y Seguridad Nacional.-- _tResolución de la Cámara de Diputado.-- _tFondo Internacional de ayuda a Haití.-- _tHaití es responsabilidad de la comunidad internacional.-- _tUn mini Marshall para Haití.-- _tLineamientos para un plan de regularización migratoria.-- _tPlan de acción.-- _tLa Española, destino de dos culturas, migración haitiana y Seguridad Nacional.-- _tGuía para la acción 20 ante la tragedia haitiana.-- _tGuía para la acción 21.-- _tGuía para la acción 22.-- _tDeclaración del Comité de Solidaridad con Haití.-- _tDeclaración Pública del 28 de febrero de 2011.-- _tUna invitación a Sonia Pierre y al padre Ruquoy.-- _tNo hay que buscar la solución a la crisis de Haití en República Dominicana. |
||
| 590 | _aInventariado, 2023/BT | ||
| 650 | 4 |
_99457 _aRelaciones Diplomáticas _zRepública Dominicana |
|
| 651 | 4 |
_980314 _aRepública Dominicana _xEmigración e inmigración |
|
| 651 | 4 |
_92234 _aHaití _xRelaciones Exteriores _zRepública Dominicana |
|
| 651 | 4 |
_92233 _aRepública Dominicana _xRelaciones Exteriores _zHaití |
|
| 700 | 1 |
_aPérez, Isael, _d1961- _eed. _91414 |
|
| 910 | _aMFeliz | ||
| 942 |
_2ddc _cLBS1 |
||
| 999 |
_c26275 _d26275 |
||